Boletín del Archivo General de la Nación. (Record no. 6932)

MARC details
000 -CABECERA
campo de control de longitud fija 01056nam a2200241 a 4500
001 - NÚMERO DE CONTROL
campo de control BRCA_7251
005 - FECHA Y HORA DE LA ÚLTIMA TRANSACCIÓN
campo de control 20190320205753.0
008 - DATOS DE LONGITUD FIJA--INFORMACIÓN GENERAL
campo de control de longitud fija 240810s1939----mx-a###f##---#001-0#spa-u
041 ## - CÓDIGO DE LENGUA
Código de lengua del texto/banda sonora o título independiente spa
044 ## - CÓDIGO DEL PAÍS DE LA ENTIDAD EDITORA/PRODUCTORA
Código MARC del país mx
050 #4 - SIGNATURA TOPOGRÁFICA DE LA BIBLIOTECA DEL CONGRESO
Número de clasificación F1232
Número de documento/Ítem .B654 1939
245 10 - MENCIÓN DE TÍTULO
Título Boletín del Archivo General de la Nación.
260 ## - PUBLICACIÓN, DISTRIBUCIÓN, ETC.
Lugar de publicación, distribución, etc. México
Nombre del editor, distribuidor, etc. AGN
Fecha de publicación, distribución, etc. 1939
300 ## - DESCRIPCIÓN FÍSICA
Extensión 207 p.
Otras características físicas il., retratos
Dimensiones 24 cm.
500 ## - NOTA GENERAL
Nota general Boletín inventariado por Banco de México como libro
500 ## - NOTA GENERAL
Nota general Núm. 1, Tomo 10
500 ## - NOTA GENERAL
Nota general P140
501 ## - NOTA DE "CON"
Nota de “Con” Contenido: Vecinos y pueblos de Colima en 1532 .-- Noticias para la historia del antiguo Colegio de San Nicolás de Michoacan .-- La guerra de Texas: causa formada al General Filisola por su retirada en 1836.-- Los extranjeros en Nueva España 1756.-- Índice de Ramo de Tierras (volúmenes 1155 a 1179)(continúa).--Publicaciones recibidas durante los meses de octubre y noviembre del presente año.
610 24 - PUNTO DE ACCESO ADICIONAL DE MATERIA--NOMBRE DE ENTIDAD CORPORATIVA
Nombre de entidad corporativa o nombre de jurisdicción como elemento de entrada Archivo General de la Nación (México)
9 (RLIN) 9882
651 #4 - PUNTO DE ACCESO ADICIONAL DE MATERIA--NOMBRE GEOGRÁFICO
Nombre geográfico México
Subdivisión general Historia
9 (RLIN) 614
902 ## - CATALOGADOR
Iniciales GFM
942 ## - ELEMENTOS DE PUNTO DE ACCESO ADICIONAL (KOHA)
Fuente del sistema de clasificación o colocación Library of Congress Classification
Tipo de ítem Koha Libros
Holdings
Estado de retiro Estado de pérdida Estado dañado No para préstamo Localización permanente Ubicación/localización actual Fecha de adquisición Número de inventario Total de préstamos Signatura topográfica completa Código de barras Fecha visto por última vez Precio válido a partir de Tipo de ítem Koha
El ejemplar forma parte de la colección y puede ser consultado según las políticas vigentes.       Biblioteca del Museo Franz Mayer (Rogerio Casas-Alatriste) Biblioteca del Museo Franz Mayer (Rogerio Casas-Alatriste) 25/01/2012 P140   F1232 .B654 1939 (P140) 7710 22/03/2019 22/03/2019 Libros